000 00546nam a2200205Ia 4500
005 20250701164507.0
008 008 250505s9999 xx 000 0 eng d
020 _a9780802145123
037 _aTextual
040 _aEASL
_beng
_cEASL
041 _aeng
_2eng
084 _aW691, P9
_qEASL
100 _aPriestland David
_9480101
245 0 _aRed Flag : A History of Communism
260 _aUSA
_bNY Grove Press USA
_c2009
300 _a675 pg
365 _aUK
_b22
942 _cTEXL
_hW691, P9
999 _c1433269
_d1433269